Concise English-Tagalog dictionary / (Record no. 14491)
[ view plain ]
| 000 -LEADER | |
|---|---|
| fixed length control field | 00543cam a2200181Ia 4500 |
| 020 ## - INTERNATIONAL STANDARD BOOK NUMBER | |
| ISBN | 0804819629 : |
| 040 ## - CATALOGING SOURCE | |
| Transcribing agency | PLF |
| 082 ## - DEWEY DECIMAL CLASSIFICATION NUMBER | |
| Classification number | 499 TUT 1994 A024 Or. |
| 100 1# - MAIN ENTRY--AUTHOR NAME | |
| Personal name | Panganiban, Jos©♭ Villa |
| 245 10 - TITLE STATEMENT | |
| Title | Concise English-Tagalog dictionary / |
| 250 ## - EDITION STATEMENT | |
| Edition statement | First Tuttle pbk. ed |
| 260 ## - PUBLICATION, DISTRIBUTION, ETC. (IMPRINT) | |
| Place of publication | Rutland : |
| Name of publisher | Tuttle, |
| Year of publication | 1994, c1969 |
| 300 ## - PHYSICAL DESCRIPTION | |
| Number of Pages | xxvi, 170 p. ; |
| Dimensions | 19 cm |
| 500 ## - GENERAL NOTE | |
| General note | First published in 1946 under title: English-Tagalog vocabulary |
| 500 ## - GENERAL NOTE | |
| General note | "Tuttle language library."--Cover |
| 650 #0 - SUBJECT ADDED ENTRY--TOPICAL TERM | |
| Topical Term | English language |
| 942 ## - ADDED ENTRY ELEMENTS (KOHA) | |
| Koha item type | សៀវភៅភាសាអង់គ្លេស |
| 952 ## - LOCATION AND ITEM INFORMATION (KOHA) | |
| Withdrawn status [LOCAL, KOHA] | 0 |
| Permanent Location | Date acquired | Koha item type | Lost status | Shelving location | Barcode | Current Location | Full call number |
|---|---|---|---|---|---|---|---|
| Library Block A | 2017-10-18 | សៀវភៅភាសាអង់គ្លេស | A024 | A13403 | Library Block A | 499 TUT 1994 A024 Or. |